<?xml version="1.0" encoding="UTF-8"?>
<record
    xmlns:xsi="http://www.w3.org/2001/XMLSchema-instance"
    xsi:schemaLocation="http://www.loc.gov/MARC21/slim http://www.loc.gov/standards/marcxml/schema/MARC21slim.xsd"
    xmlns="http://www.loc.gov/MARC21/slim">

  <leader>01158nam a2200253 a 4500</leader>
  <controlfield tag="005">20161214113108.0</controlfield>
  <controlfield tag="008">161214s2014    ck ao|||r|||| 00| 0 spa d</controlfield>
  <datafield tag="020" ind1=" " ind2=" ">
    <subfield code="a">9789587750980</subfield>
  </datafield>
  <datafield tag="040" ind1=" " ind2=" ">
    <subfield code="a">CO-BoIAVH </subfield>
    <subfield code="c">CO-BoIAVH </subfield>
  </datafield>
  <datafield tag="041" ind1="0" ind2=" ">
    <subfield code="a">spa</subfield>
  </datafield>
  <datafield tag="044" ind1=" " ind2=" ">
    <subfield code="a">ck</subfield>
  </datafield>
  <datafield tag="082" ind1="0" ind2="4">
    <subfield code="a">581.467</subfield>
    <subfield code="b">S47p</subfield>
  </datafield>
  <datafield tag="245" ind1="0" ind2="0">
    <subfield code="a">Semillas de plantas de p&#xE1;ramo : </subfield>
    <subfield code="b">ecolog&#xED;a y m&#xE9;todos de germinaci&#xF3;n aplicados a la restauraci&#xF3;n ecol&#xF3;gica / </subfield>
    <subfield code="c">editado por Orlando Vargas R&#xED;os y Laura Victoria P&#xE9;rez Mart&#xED;nez</subfield>
  </datafield>
  <datafield tag="260" ind1=" " ind2=" ">
    <subfield code="a">Bogot&#xE1; (Colombia) : </subfield>
    <subfield code="b">Universidad Nacional de Colombia (Sede Bogot&#xE1;). Facultad de Ciencias. Departamento de Biolog&#xED;a. Grupo de restauraci&#xF3;n ecol&#xF3;gica,</subfield>
    <subfield code="c">2014.</subfield>
  </datafield>
  <datafield tag="300" ind1=" " ind2=" ">
    <subfield code="a">173 p&#xE1;ginas : </subfield>
    <subfield code="b">ilustraciones y fotograf&#xED;as a color ; </subfield>
    <subfield code="c">24 x 17 cm.</subfield>
  </datafield>
  <datafield tag="504" ind1=" " ind2=" ">
    <subfield code="a">Incluye referencias bibliogr&#xE1;ficas.</subfield>
  </datafield>
  <datafield tag="650" ind1="2" ind2="6">
    <subfield code="a">P&#xE1;ramos </subfield>
    <subfield code="x">Plantas</subfield>
    <subfield code="x">Semillas</subfield>
  </datafield>
  <datafield tag="650" ind1="2" ind2="6">
    <subfield code="a">P&#xE1;ramos </subfield>
    <subfield code="x">Plantas</subfield>
    <subfield code="x">Semillas</subfield>
    <subfield code="x">Ecolog&#xED;a</subfield>
  </datafield>
  <datafield tag="650" ind1="2" ind2="6">
    <subfield code="a">P&#xE1;ramos </subfield>
    <subfield code="x">Plantas</subfield>
    <subfield code="x">Especies</subfield>
  </datafield>
  <datafield tag="650" ind1="2" ind2="6">
    <subfield code="a">P&#xE1;ramos </subfield>
    <subfield code="x">Plantas</subfield>
    <subfield code="x">Taxonom&#xED;a</subfield>
  </datafield>
  <datafield tag="700" ind1="1" ind2=" ">
    <subfield code="a">Vargas R&#xED;os, Orlando</subfield>
    <subfield code="e">editor</subfield>
  </datafield>
  <datafield tag="700" ind1="1" ind2=" ">
    <subfield code="a">P&#xE9;rez Mart&#xED;nez, Laura Victroria</subfield>
    <subfield code="e">editora</subfield>
  </datafield>
  <datafield tag="942" ind1=" " ind2=" ">
    <subfield code="2">ddc</subfield>
    <subfield code="c">LIBRO</subfield>
  </datafield>
  <datafield tag="999" ind1=" " ind2=" ">
    <subfield code="c">19171</subfield>
    <subfield code="d">19171</subfield>
  </datafield>
  <datafield tag="952" ind1=" " ind2=" ">
    <subfield code="0">0</subfield>
    <subfield code="1">0</subfield>
    <subfield code="2">ddc</subfield>
    <subfield code="4">0</subfield>
    <subfield code="7">0</subfield>
    <subfield code="8">GENERAL</subfield>
    <subfield code="I">INV2017</subfield>
    <subfield code="a">Bogota</subfield>
    <subfield code="b">Bogota</subfield>
    <subfield code="d">2016-12-14</subfield>
    <subfield code="e">Instituto</subfield>
    <subfield code="g">39000.00</subfield>
    <subfield code="l">1</subfield>
    <subfield code="m">1</subfield>
    <subfield code="o">LB-581.467 S47p</subfield>
    <subfield code="p">040864</subfield>
    <subfield code="r">2019-05-24 00:00:00</subfield>
    <subfield code="s">2019-03-01</subfield>
    <subfield code="t">Ej. 1</subfield>
    <subfield code="w">2016-12-14</subfield>
    <subfield code="x">Canje</subfield>
    <subfield code="y">LIBRO</subfield>
  </datafield>
</record>
